[Event "Sables d'Olonne op 3rd"]
[Site "Sables d'Olonne"]
[Date "2016.07.18"]
[Round "3"]
[White "Frick, Christoph"]
[Black "Secouard, Stephane"]
[Result "1-0"]
[WhiteElo "2245"]
[BlackElo "2010"]
[PlyCount "39"]
[EventDate "2016.07.16"]
[EventType "swiss"]
[EventRounds "9"]
[EventCountry "FRA"]
[SourceTitle "CBM 173 Extra"]
[Source "ChessBase"]
[SourceDate "2016.08.29"]
[SourceVersion "1"]
[SourceVersionDate "2016.08.29"]
[SourceQuality "1"]

1. Nc3 d6 2. e4 e5 3. Nf3 Nf6 4. d4 Nbd7 5. Bc4 Be7 6. 0-0 0-0 7. a4 b6 8. Qe2 c6 9. Rd1 Qc7 10. h3 Bb7 11. Ba2 a6 12. Nh4 Rfe8 13. Qc4 exd4 14. Qxf7+ Kh8 15. Nf5 Bf8 16. Bf4 Qc8 17. Bxd6 Ne5 18. Bxe5 Rxe5 19. Rxd4 c5 20. Rd6 1-0

[Event "Avoine op 29th"]
[Site "Avoine"]
[Date "2014.07.24"]
[Round "6"]
[White "Gomes, Alexis"]
[Black "Secouard, Stephane"]
[Result "0-1"]
[WhiteElo "1824"]
[BlackElo "2038"]
[PlyCount "102"]
[EventDate "2014.07.19"]
[EventType "swiss"]
[EventRounds "9"]
[EventCountry "FRA"]
[SourceTitle "CBM 161 Extra"]
[Source "ChessBase"]
[SourceDate "2014.08.29"]
[SourceVersion "1"]
[SourceVersionDate "2014.08.29"]
[SourceQuality "1"]

1. d4 f5 2. Nf3 Nf6 3. c4 g6 4. g3 Bg7 5. Bg2 d6 6. 0-0 0-0 7. Nc3 Qe8 8. d5 c6 9. Nd4 Bd7 10. Re1 Na6 11. e4 Nxe4 12. Nxe4 fxe4 13. Rxe4 Nc5 14. Re1 Qf7 15. Be3 e5 16. Nb3 Nxb3 17. Qxb3 c5 18. Qc2 Bf5 19. Be4 h5 20. h4 Kh7 21. a4 a5 22. Ra3 Bh6 23. Bxh6 Kxh6 24. Rb3 Qd7 25. Rb5 Rf7 26. Qd2+ Kh7 27. Bg2 Qc7 28. f4 exf4 29. Qxf4 Re7 30. Rxe7+ Qxe7 31. Qd2 Qc7 32. Rb3 Re8 33. Re3 Rxe3 34. Qxe3 Qf7 35. Bf3 Bd7 36. Bd1 Qf6 37. b3 Bf5 38. Kh2 Kg7 39. Qe8 Bd3 40. Qe3 Bf5 41. Kg2 Kf7 42. Kh2 b6 43. Kg2 Qe7 44. Qf2 Qe4+ 45. Kh2 Qd3 46. Qe1 Qd4 47. Qf1 Qd2+ 48. Kg1 Kg7 49. Kh1 Bd3 50. Qf3 Qe1+ 51. Kh2 Be4 0-1

[Event "Avoine op 29th"]
[Site "Avoine"]
[Date "2014.07.23"]
[Round "5"]
[White "Secouard, Stephane"]
[Black "Lukasiewicz, Grzegorz"]
[Result "1/2-1/2"]
[WhiteElo "2038"]
[BlackElo "2265"]
[PlyCount "53"]
[EventDate "2014.07.19"]
[EventType "swiss"]
[EventRounds "9"]
[EventCountry "FRA"]
[SourceTitle "CBM 161 Extra"]
[Source "ChessBase"]
[SourceDate "2014.08.29"]
[SourceVersion "1"]
[SourceVersionDate "2014.08.29"]
[SourceQuality "1"]

1. e4 c6 2. d3 d5 3. Nd2 g6 4. g3 Bg7 5. Bg2 dxe4 6. Nxe4 Nf6 7. Ne2 Nbd7 8. N2c3 0-0 9. 0-0 a5 10. a3 Nxe4 11. Nxe4 Nf6 12. Rb1 Nxe4 13. dxe4 Be6 14. Qxd8 Rfxd8 15. Bf4 Ba2 16. Ra1 Bc4 17. Rfb1 a4 18. e5 Be6 19. Re1 Bf5 20. Re2 Rd7 21. Rae1 Rad8 22. Bc1 Rd1 23. Kf1 Be6 24. Kg1 Bf5 25. Kf1 Be6 26. Kg1 Bf5 27. Kf1 1/2-1/2

[Event "Avoine op 29th"]
[Site "Avoine"]
[Date "2014.07.19"]
[Round "1"]
[White "Secouard, Stephane"]
[Black "Godart, Francois"]
[Result "0-1"]
[WhiteElo "2038"]
[BlackElo "2399"]
[PlyCount "68"]
[EventDate "2014.07.19"]
[EventType "swiss"]
[EventRounds "9"]
[EventCountry "FRA"]
[SourceTitle "CBM 161 Extra"]
[Source "ChessBase"]
[SourceDate "2014.08.29"]
[SourceVersion "1"]
[SourceVersionDate "2014.08.29"]
[SourceQuality "1"]

1. e4 e6 2. d3 d5 3. Nd2 Nf6 4. Ngf3 c5 5. g3 Nc6 6. Bg2 Be7 7. 0-0 0-0 8. Re1 dxe4 9. Nxe4 Nxe4 10. Rxe4 b6 11. h4 Bb7 12. Ng5 h6 13. Nh3 e5 14. Rg4 Qd6 15. h5 Rad8 16. Be3 Bc8 17. Ra4 b5 18. Ra3 c4 19. Qc1 Qf6 20. dxc4 Bxa3 21. cxb5 Bxb2 22. Qxb2 Nd4 23. f4 exf4 24. Bxd4 Rxd4 25. c3 Rd3 26. Nxf4 Rxg3 27. Nd5 Qg5 28. Qf2 Bh3 29. Nf4 Bxg2 30. Nxg2 Rd8 31. Rf1 Rd2 32. Qxf7+ Kh7 33. Qg6+ Qxg6 34. hxg6+ Kxg6 0-1

[Event "Avoine op 22nd"]
[Site "Avoine"]
[Date "2007.07.27"]
[Round "7"]
[White "Kirk, Eden"]
[Black "Secouard, Stephane"]
[Result "1/2-1/2"]
[WhiteElo "1900"]
[BlackElo "2077"]
[PlyCount "43"]
[EventDate "2007.07.21"]
[EventType "swiss"]
[EventRounds "9"]
[EventCountry "FRA"]
[SourceTitle "EXT 2010"]
[Source "ChessBase"]
[SourceDate "2010.11.25"]
[SourceVersion "1"]
[SourceVersionDate "2010.11.25"]
[SourceQuality "1"]

1. d4 d5 2. c4 e6 3. Nc3 f5 4. Nf3 Nf6 5. g3 Be7 6. Bg2 0-0 7. Bf4 c6 8. 0-0 Ne4 9. Qb3 Nd7 10. Rad1 g5 11. Be5 Nd6 12. cxd5 exd5 13. Nxd5 cxd5 14. Bxd6 Nb6 15. Bxe7 Qxe7 16. Ne5 Be6 17. Rc1 Rf6 18. Rc5 g4 19. Rfc1 Qe8 20. Rc7 Rh6 21. Qb4 Qh5 22. Qe7 1/2-1/2

[Event "Hennebont Grand Prix"]
[Site "Hennebont"]
[Date "2006.08.06"]
[Round "7"]
[White "Le Bail, Clara"]
[Black "Secouard, Stephane"]
[Result "0-1"]
[WhiteElo "1971"]
[BlackElo "2081"]
[PlyCount "78"]
[EventDate "2006.08.05"]
[EventType "swiss"]
[EventRounds "7"]
[EventCountry "FRA"]
[SourceTitle "EXT 2007"]
[Source "ChessBase"]
[SourceDate "2006.11.23"]
[SourceVersion "1"]
[SourceVersionDate "2006.11.23"]
[SourceQuality "1"]

1. c4 f5 2. Nc3 Nf6 3. g3 e6 4. Bg2 d5 5. d4 Be7 6. Nf3 0-0 7. 0-0 c6 8. b3 Bd7 9. Qc2 Be8 10. Ne5 Ne4 11. Nxe4 fxe4 12. f3 exf3 13. exf3 Nd7 14. Qe2 Nxe5 15. dxe5 b5 16. cxb5 cxb5 17. f4 Rc8 18. Bb2 Qb6+ 19. Kh1 b4 20. Rfe1 g5 21. Bd4 Qc6 22. fxg5 Bc5 23. Rac1 Qb6 24. Bxc5 Rxc5 25. Rxc5 Qxc5 26. Qg4 Qb6 27. Rf1 Rxf1+ 28. Bxf1 Bg6 29. Bg2 Bf5 30. Qe2 Qd4 31. h3 Bd3 32. Qg4 Qxg4 33. hxg4 Bb1 34. Bf3 Bxa2 35. Bd1 a5 36. Kg1 d4 37. Kf2 a4 38. bxa4 b3 39. a5 b2 0-1

[Event "FRA-chT3 Gr7 9899"]
[Site "France"]
[Date "1999.01.17"]
[Round "4"]
[White "Secouard, Stephane"]
[Black "Demarre, Jacques"]
[Result "0-1"]
[WhiteElo "2060"]
[BlackElo "2310"]
[PlyCount "110"]
[EventDate "1998.10.??"]
[EventType "team"]
[EventRounds "9"]
[EventCountry "FRA"]
[SourceTitle "EXT 2005"]
[Source "ChessBase"]
[SourceDate "2004.11.15"]
[SourceVersion "1"]
[SourceVersionDate "2004.11.15"]
[SourceQuality "1"]

1. e4 e5 2. Nf3 Nc6 3. Bc4 Nf6 4. d3 Be7 5. Nbd2 0-0 6. 0-0 d6 7. c3 Na5 8. Re1 c5 9. a4 Qc7 10. b4 Nc6 11. b5 Nd8 12. a5 Bd7 13. d4 Ne6 14. Bb2 Nf4 15. Qb3 h6 16. Bf1 Ng6 17. Nc4 Be6 18. d5 Bg4 19. Nfd2 Qc8 20. Ne3 Bd7 21. b6 a6 22. Qc2 Nf4 23. Nf3 Ng4 24. Bc1 Nxe3 25. Bxe3 Ng6 26. c4 f5 27. exf5 Bxf5 28. Bd3 Bxd3 29. Qxd3 Qg4 30. h3 Qh5 31. Kh2 Rxf3 32. gxf3 Nh4 33. Rh1 Nxf3+ 34. Kg2 Nh4+ 35. Kf1 Qf3 36. Rh2 Nf5 37. Re1 Rf8 38. Qd2 Bh4 39. Kg1 Qh5 40. Qe2 Qg6+ 41. Rg2 Qf6 42. Rf1 e4 43. Bc1 Bg5 44. Bxg5 hxg5 45. Qxe4 Nh4 46. Rg3 Nf3+ 47. Kg2 Nd2 48. Qe3 Nxf1 49. Kxf1 Qf4 50. Ke2 Qxc4+ 51. Ke1 Qxd5 52. Rxg5 Qf7 53. Qg3 Qf6 54. Kf1 Qd4 55. Rg6 Rxf2+ 0-1